|
|
|
|
| LEADER |
00000nas a2200000 4500 |
| 001 |
ssj0012534 |
| 003 |
WaSeSS |
| 005 |
20200512172242.0 |
| 006 |
m d |
| 007 |
cr n |
| 008 |
760620c19uu9999ctuzx p s 0 a0eng d |
| 010 |
|
|
|a sn 78001664
|
| 022 |
|
|
|l 0011-3492
|y 0011-3492
|
| 032 |
|
|
|a 140340
|b USPS
|
| 035 |
|
|
|a (WaSeSS)ssj0012534
|
| 037 |
|
|
|b Xerox Education Publications, 1250 Fairwood Ave., Columbus, OH 43216
|
| 040 |
|
|
|a MUL
|b eng
|c MUL
|d NSD
|d AIP
|d NSD
|d OCL
|d OCLCQ
|d UQ1
|d CUS
|d OCLCQ
|d CUS
|d OCLCQ
|d OCLCF
|d OCLCQ
|d WaSeSS
|
| 042 |
|
|
|a nsdp
|
| 050 |
1 |
4 |
|a AP1
|
| 082 |
0 |
4 |
|a 909.82
|
| 210 |
0 |
|
|a Curr. events
|b (Middlet.)
|
| 222 |
|
0 |
|a Current events
|b (Middletown)
|
| 245 |
0 |
0 |
|a Current events
|h [electronic resource].
|
| 260 |
|
|
|a [Middletown, CT],
|b [Xerox Education Publications]
|
| 310 |
|
|
|a 27 no. during the school year,
|b <Sept. 13, 1982->
|
| 321 |
|
|
|a Biweekly, Sept.-May (except Christmastime),
|b <Sept. 6, 1978->
|
| 321 |
|
|
|a 28 no. during the school year,
|b <Jan. 21, 1980->
|
| 506 |
|
|
|a License restrictions may limit access.
|
| 650 |
|
0 |
|a Current events
|v Periodicals.
|
| 650 |
|
7 |
|a Current events.
|2 fast
|0 (OCoLC)fst00885350
|
| 650 |
|
7 |
|a Actualité
|2 rasuqam
|
| 650 |
|
7 |
|a Aspect pédagogique.
|2 rasuqam
|
| 655 |
|
0 |
|a Electronic journals.
|
| 856 |
4 |
0 |
|z Full text available from Research Library: 12/16/1996 to 04/23/2012
|u https://search.proquest.com/publication/41224
|